header

Maritime fiction (Record no. 75031)

MARC details
000 -LEADER
fixed length control field 01448nam a2200349 a 4500
082 04 - DEWEY DECIMAL CLASSIFICATION NUMBER
Classification number 823.009/32162
100 1# - MAIN ENTRY--AUTHOR NAME
Personal name Peck, John,
245 10 - TITLE STATEMENT
Title Maritime fiction
260 ## - PUBLICATION, DISTRIBUTION, ETC. (IMPRINT)
Place of publication Houndmills, Basingstoke, Hampshire ;
-- New York :
Name of publisher Palgrave,
Year of publication 2001.
300 ## - PHYSICAL DESCRIPTION
Number of Pages ix, 214 p.
650 #0 - SUBJECT ADDED ENTRY--TOPICAL TERM
Topical Term Sea stories, English
Topical Term Sea stories, American
Topical Term Naval art and science in literature.
Topical Term Seafaring life in literature.
Topical Term Sailors in literature.
Topical Term Sea in literature.
856 40 - ELECTRONIC LOCATION AND ACCESS
Uniform Resource Identifier http://site.ebrary.com/lib/rucke/Doc?id=10044066

No items available.

© 2026 Rongo University
Contact us: librarian | system librarian | Rongo university